000 00186nam a22000857a 4500
001 1236187
005 20251001144703.0
245 _aAZAT KUŞU
_cGÜLTEN DAYIOĞLU
260 _bALTIN KİTAPLAR
999 _c1236187
_d1236187